Descubrimiento y conquista del Perú
محفوظ في:
| المؤلفون الرئيسيون: | , |
|---|---|
| التنسيق: | كتاب |
| اللغة: | الإسبانية |
| منشور في: |
Madrid
Historia 16
1986
|
| سلاسل: | Colección Crónicas de América, 17
|
| الموضوعات: | |
| الوسوم: |
إضافة وسم
لا توجد وسوم, كن أول من يضع وسما على هذه التسجيلة!
|
MARC
| LEADER | 00000nam a2200000 a 4500 | ||
|---|---|---|---|
| 001 | UCX0825 | ||
| 003 | CL-VaPUC | ||
| 008 | 900321e19860000SP |||||||||||||||||spa|d | ||
| 082 | 0 | 4 | |a 985.02 |b CIE |2 21 |
| 100 | 0 | |a Cieza de León, Pedro de |e author |9 316211 | |
| 700 | 0 | |a Saenz de Santa María, Carmelo |e author |9 316212 | |
| 245 | 1 | 0 | |a Descubrimiento y conquista del Perú |
| 300 | |a 339 p | ||
| 942 | |c BK | ||
| 945 | |d 19900321 00:00:00 | ||
| 260 | |a Madrid |b Historia 16 |c 1986 | ||
| 650 | 7 | |a HISTORIA DESCUBRIMIENTO Y CONQUISTA 1519-1536 |2 CL-VaPUC |9 268563 | |
| 651 | 0 | |a Perú |9 256567 | |
| 583 | |a last modification |c 19900321 00:00:00 |k Rodrigo Vera | ||
| 490 | 0 | |a Colección Crónicas de América, 17 | |
| 999 | |c 222270 |d 222268 | ||
| 952 | |0 0 |1 0 |4 0 |6 985_020000000000000_CIE_1986 |7 0 |8 A |9 216728 |a BIBEDU |b BIBEDU |d 2019-11-15 |i 2855178 |o 985.02 CIE 1986 |p 2855178 |r 2019-11-15 |w 2019-11-15 |y BK |k LIT | ||